| 000 | 02001nam0a2200397 4500 | ||
|---|---|---|---|
| 001 | RU\NLR\BIBL_A\011672267 | ||
| 005 | 20180423162511.0 | ||
| 010 | _a978-5-98708-048-1 | ||
| 021 |
_aRU _bКН-П-18-017494 _9КН-П-18-1266 |
||
| 035 | _a(NLR Aleph) 011672267 | ||
| 035 | _a(RuMoRGB)009567788 | ||
| 090 |
_a11243238 _c11243238 |
||
| 100 | _a20180406d2017 k y0rusy50 ca | ||
| 101 | 0 | _arus | |
| 102 | _aRU | ||
| 105 | _aac||z|||010zy | ||
| 200 | 1 |
_aГолос тундры _eлитературно-художественный альманах [членов клуба "Борей"] _fМинистерство культуры Красноярского края, Краевое государственное бюджетное учреждение культуры "Таймырский Дом народного творчества" _g[сост.: В.Г. Заварзина _gредакционная коллегия: В.Г. Заварзина и другие] |
|
| 210 |
_aДудинка _cТаймырский Дом народного творчества _d2017 |
||
| 215 |
_a164 с. _cил., портр. _d20 |
||
| 225 | 1 | _aТаймырский Парнас | |
| 300 | _aПосвящается 350-летию Дудинки | ||
| 686 | 2 | _aШ6(251)7я43 | |
| 686 | 2 | _aШ6(2=Р)8-5 | |
| 686 | 2 | _aШ6(2=Р)8-98 | |
| 686 | 2 | _aШ6(2=Р)8-999 | |
| 702 | 1 |
_aЗаварзина _bВ. Г. _gВалентина Г. _4220 |
|
| 711 | 0 | 2 |
_a"Борей", литературный клуб _cДудинка _9317457 _3RU\NLR\AUTH\8810215659 |
| 712 | 0 | 2 |
_4570 _aТаймырский дом народного творчества _cДудинка _9741771 _3RU\NLR\AUTH\8810121844 |
| 942 | _cBOOK | ||
| 980 | _aNB | ||